000 00336nam a22001337a 4500
008 170801b xxu||||| |||| 00| 0 eng d
020 _a2900131710244
041 _aeng
080 _a004
100 _a32
101 _aSHK
245 _aTEACHING AND LEARNING WITH MICROSOFT OFFICE 2007 AND EXPRESSION WEB
_cNEWBY,T.J
942 _2udc
_cBK
999 _c22460
_d22460